| 000 | 01784cam a22004694i 4500 | ||
|---|---|---|---|
| 003 | PE-LiUPU | ||
| 005 | 20250731173129.0 | ||
| 008 | 150623s r 000 0 d | ||
| 020 | _a0825426146 | ||
| 035 | _a(Sirsi) i9780825426148 | ||
| 040 |
_aPE-LiUPU _bspa _cPE-LiUPU _erda |
||
| 049 | _aPRUA | ||
| 082 | 0 | 4 |
_a220.66 _bT83 _221 |
| 100 | 1 |
_aFuller Otis, David, _eautor. |
|
| 245 | 1 | 0 |
_aTrue or false? : _bthe westcott-hort textual theory examined / _cDavid Otis Fuller ed. |
| 264 | 1 |
_aGrand Rapids, Michigan : _bGrand Rapids International Publications, _c1973. |
|
| 300 |
_a317 páginas ; _c20 centímetros |
||
| 336 |
_atext _2rdacontent |
||
| 337 |
_aunmediated _2rdamedia |
||
| 338 |
_avolume _2rdacarrier |
||
| 505 | 0 | _aThe authorized version. God was manifest in the flesh. The divine ispiration of the holy scriptures. Philip Mauro. Which version?. "The revision revised". Contribution of John William Burgon to New Testament textual criticism. Alpabetical and scriptural indexes. | |
| 526 | _aSEG42 | ||
| 526 | _aSEG41 | ||
| 526 | _aSEG40 | ||
| 526 | _aSEG39 | ||
| 526 | _aP94 | ||
| 526 | _aP87 | ||
| 526 | _aP86 | ||
| 526 | _aP85 | ||
| 526 | _aP77 | ||
| 526 | _aP76 | ||
| 526 | _aP35 | ||
| 630 |
_aBiblia _vVersions. |
||
| 630 |
_aBiblia _xCrítica textual. |
||
| 700 | 1 |
_aOtis Fuller, David, _eed. |
|
| 942 |
_2ddc _cBOOK |
||
| 949 |
_a220.66 T83 _wDEWEY _c1 _i51541 _lCCODEBUL1 _mBUL _p8.00 _r0 _sY _tBOOK _u2015-6-24 _xTEOLOGIA _PP35 _0COMPRA _o.STAFF. Colección General |
||
| 994 |
_aC0 _bPEPRU |
||
| 596 | _a1 | ||
| 999 |
_a220.66 T83 _wDEWEY _c33266 _i51541 _f2021-11-9 _g6 _lCCODEBUL1 _mBUL _p8.00 _r0 _sY _tBOOK _u2015-6-24 _xTEOLOGIA _PP35 _0COMPRA _o.STAFF. Colección General _d33266 |
||
| 980 |
_81 _gALBERTO SANCHEZ Responsable de Automatización |
||